Statistiken für Die drei Fragezeichen - Charaktere

Klicken Sie hier um das Quiz zu spielen!

Allgemein

  • Dieses Quiz wurde 430 mal gespielt
  • Das Durchschnittsergebnis liegt bei 8 aus 10

Antwortstatistiken

HinweisFigur% Korrekt
Erster DetektivJustus Jonas
99%
Zweiter DetektivPeter Shaw
95%
Recherchen und ArchivBob Andrews
94%
TanteMathilda
90%
OnkelTitus
88%
InspektorCotta
74%
KommissarReynolds
72%
ErzrivaleSkinny Norris
71%
Mentor in der AnfangszeitAlfred Hitchcock
57%
ChauffeurMorton
56%

Verteilung der Resultate

Perzentil nach korrekt beantworteten Fragen

Anzahl Personen mit jedem Resultat

Ihre Resultats-Entwicklung

Sie haben dieses Quiz noch nicht gespielt